000 00544nam a2200181Ia 4500
008 240729s9999 xx 000 0 und d
022 _a2289-5671
245 0 _aJournal of Agribusiness Marketing
260 _aMalaysia
260 _bFederal Agricultural Marketing Authority
650 _a Agricultural industries
650 _a Industries. Land use. Labor
650 _a Special industries and trades
650 _aSocial Sciences
856 _uhttps://doaj.org/toc/89325e67d7ee4e88bd6ffbcf1fe17220
942 _2ddc
942 _cDOAJEJ
999 _c68492
_d68492
945 _a1
_bMadushi Gamage
_c1
_dMadushi Gamage